Vývoj výsledkov poľnohospodárskych podnikov hospodáriacich v horských oblastiach za roky 1990 - 2002
Zhodnotenie ekonomickej situácie podnikov hospodáriacich v horských oblastiach v rokoch 1990- 2002 : pokles výroby a kapitálu, zužuje sa reprodukcia a výrobná schopnosť, pokles dotácií zahrňovaných do výnosov. Rentabilné je len pestovanie zemiakov a chov dojníc aj to po zohľadnení dotačnej podpory....
Salvato in:
| Autore principale: | |
|---|---|
| Natura: | Capitolo di libro |
| Lingua: | slovacco |
| Soggetti: | |
| Tags: |
Nessun Tag, puoi essere il primo ad aggiungerne!!
|
MARC
| LEADER | 00000naa$a2200000$$$4500 | ||
|---|---|---|---|
| 001 | 0018343 | ||
| 005 | 20231018084637.9 | ||
| 041 | 0 | |a slo | |
| 044 | |a SK | ||
| 245 | 1 | 0 | |a Vývoj výsledkov poľnohospodárskych podnikov hospodáriacich v horských oblastiach za roky 1990 - 2002 |c aut. Zuzana Chrastinová |
| 520 | |a Zhodnotenie ekonomickej situácie podnikov hospodáriacich v horských oblastiach v rokoch 1990- 2002 : pokles výroby a kapitálu, zužuje sa reprodukcia a výrobná schopnosť, pokles dotácií zahrňovaných do výnosov. Rentabilné je len pestovanie zemiakov a chov dojníc aj to po zohľadnení dotačnej podpory. Trend výrobnej orientácie podnikov aj na doplnkové zdroje príjmov, najmä z agroturizmu. Regionálna politika s dôrazom na realizáciu rozvojových projektov financovaných zo štrukturálnych fondov EÚ. | ||
| 610 | 2 | 0 | |a regióny horské |
| 610 | 2 | 0 | |a dotácie |
| 610 | 2 | 0 | |a náklady výrobné |
| 610 | 2 | 0 | |a výnosy |
| 610 | 2 | 0 | |a úroda |
| 610 | 2 | 0 | |a rentabilita |
| 610 | 2 | 0 | |a výroba rastlinná |
| 610 | 2 | 0 | |a výroba živočíšna |
| 610 | 2 | 0 | |a podnik poľnohospodársky |
| 610 | 2 | 0 | |a ukazovatele ekonomické |
| 610 | 2 | 0 | |a politika regionálna |
| 610 | 2 | 0 | |a agroturistika |
| 610 | 2 | 0 | |a rozvoj regionálny |
| 100 | 1 | |a Chrastinová, Zuzana | |